Ne islámu! protiislámská politika v České republice
Salvato in:
| Autore principale: | |
|---|---|
| Natura: | Libro |
| Lingua: | ceco |
| Pubblicazione: |
Brno
Centrum pro studium demokracie a kultury
2015
|
| Serie: | Politologická řada
sv. č. 56 |
| Soggetti: | |
| Tags: |
Nessun Tag, puoi essere il primo ad aggiungerne!!
|
MARC
| LEADER | 00000nam a2200000 4500 | ||
|---|---|---|---|
| 001 | 0222038 | ||
| 005 | 20231215114620.2 | ||
| 020 | |a 978-80-7325-397-4 | ||
| 020 | |a 978-80-210-8288-5 | ||
| 041 | 0 | |a cze | |
| 044 | |a CZ | ||
| 245 | 1 | 0 | |a Ne islámu! |b protiislámská politika v České republice |c Miroslav Mareš a kol. |
| 264 | 1 | |a Brno |b Centrum pro studium demokracie a kultury |c 2015 | |
| 300 | |a 219 s. | ||
| 490 | 1 | |a Politologická řada |v sv. č. 56 | |
| 830 | 0 | |a Politologická řada |v sv. č. 56 | |
| 610 | 2 | 0 | |a islam |
| 610 | 2 | 0 | |a politika |
| 610 | 2 | 0 | |a strany politické |
| 610 | 2 | 0 | |a hnutie politické |
| 610 | 2 | 0 | |a Česko |
| 610 | 2 | 0 | |a demokracia |
| 100 | 1 | |a Mareš, Miroslav | |